Statistiken für Torschützenliste der Serie A 2014-2015

Klicken Sie hier um das Quiz zu spielen!

Allgemein

  • Dieses Quiz wurde 16 mal gespielt
  • Das Durchschnittsergebnis liegt bei 6 aus 12

Antwortstatistiken

ToreNationalitätVereinSpieler% Korrekt
18ArgentinienSSC NeapelGonzalo Higuaín
100%
13DeutschlandLazio RomMiroslav Klose
87%
20ArgentinienJuventus TurinCarlos Tévez
80%
22ArgentinienInter MailandMauro Icardi
80%
13ArgentinienUS PalermoPaulo Dybala
60%
22ItalienHellas VeronaLuca Toni
53%
14ItalienUdinese CalcioAntonio Di Natale
47%
15ItalienUS Sassuolo CalcioDomenico Berardi
40%
16FrankreichAC MailandJérémy Ménez
27%
13ItalienTurinFabio Quagliarella
20%
13SpanienCFC GenuaIago Falque
7%
15ItalienSSC NeapelManolo Gabbiadini
7%

Verteilung der Resultate

Perzentil nach korrekt beantworteten Fragen

Anzahl Personen mit jedem Resultat

Ihre Resultats-Entwicklung

Sie haben dieses Quiz noch nicht gespielt